000 00815nam a2200205Ii 4500
003 JO-AjNU
008 230605s9999||||xx |||||||||||||| ||und||
040 _aJO-AjNU
_bara
_erda
_cJO-AjNU
041 _aara
050 1 4 _aBP128.6.T3264 1993
100 3 _aبقلم طباره، عفيف عبد الفتاح,
_eauthor
_916231
245 0 0 _aروح القرأن الكريم : تفسير سورة النور وأحكامها
250 _aطبعة خاصة لجمعية الدعوة الاسلامية العالمية
264 3 1 _aبيروت: دار العلم للملايين، 1993
300 _a127ص
336 _atext
_btxt
_2rdacontent
337 _aunmediated
_bn
_2rdamedia
338 _avolume
_bnc
_2rdacarrier
650 4 _aسورة النور - تفسير - القران الكريم - تفسير
_916232
999 _aA4764
_c8332
_d8332